|
|
|
|
| LEADER |
00000nab a2200000 a 4500 |
| 001 |
vtls000906490 |
| 003 |
SK-MaSNL |
| 005 |
20260302172314.0 |
| 008 |
040720e20010314xo 0 slo |
| 035 |
|
|
|a KE15433
|
| 040 |
|
|
|a KEVKJB
|b slo
|c KEVKJB
|e AACR2
|
| 041 |
0 |
|
|a slo
|
| 044 |
|
|
|a xo
|c SK
|
| 080 |
|
|
|a 7.097
|2 1981
|
| 080 |
|
|
|a 929
|2 1981
|
| 100 |
1 |
|
|a Hriadelová, Miloslava
|4 aut
|9 348764
|
| 245 |
1 |
0 |
|a Valné zhromaždenie odvolalo výkonnú riaditeľku Globalu Evu Děkanovskú
|
| 300 |
|
|
|b 1 foto
|
| 590 |
|
|
|a Dekanovská, Eva
|b výkonná riaditeľka
|
| 590 |
|
|
|a Roganský, Miroslav
|b vedúci manažér
|
| 600 |
1 |
7 |
|a Děkanovská, Eva
|2 KEVKJB
|9 878003
|
| 600 |
1 |
7 |
|a Roganský, Miroslav
|2 KEVKJB
|9 878004
|
| 610 |
2 |
7 |
|a TV Global
|2 KEVKJB
|9 877733
|
| 610 |
2 |
7 |
|a TV Naša (súčasť TV Global od marca 2000)
|2 KEVKJB
|9 877734
|
| 650 |
0 |
7 |
|a odvolanie
|2 KEVKJB
|9 877460
|
| 650 |
0 |
7 |
|a menovanie do funkcie
|2 KEVKJB
|9 29739
|
| 650 |
0 |
7 |
|a riaditeľ nový
|2 KEVKJB
|9 877948
|
| 651 |
|
7 |
|a Košice (Slovensko)
|2 KEVKJB
|9 18694
|
| 651 |
|
7 |
|a KE,
|2 KEVKJB
|9 877256
|
| 655 |
|
7 |
|a periodikum
|2 snkbucl
|9 29553
|
| 710 |
2 |
|
|a TV Global
|4 aut
|9 877733
|
| 773 |
0 |
8 |
|t Košický denník Korzár
|g Roč. 4, č.61, 14.3.2001, s. 1
|x 1335-4566
|
| 852 |
|
|
|a ZVYKNI
|b KIS3GCP
|
| 999 |
|
|
|c 1398430
|d 1400360
|